MARC

Tag First Indicator Second Indicator Subfields
LEADER 00000cam a2200000 i 4500
001 in00004806089
008 710208s1970 mdua 001 0 eng
005 20240807182400.4
010 |a  78107466  
035 |a (OCoLC)ocm00119656  
040 |a DLC  |b eng  |e rda  |c DLC  |d BNY  |d OCLCO  |d OCLCQ  |d OCLCF  |d OCL  |d GILDS  |d OCLCO  |d OCL  |d OCLCO  |d UKMGB  |d OCLCL 
016 7 |a 008955593  |2 Uk 
019 |a 1145261463  |a 1153253134  |a 1166565444  |a 1224863521  |a 1231467911  |a 1298260150 
020 |a 0870211986 
020 |a 9780870211980 
029 1 |a AU@  |b 000000838938 
029 1 |a UKMGB  |b 008955593 
035 |a (OCoLC)00119656  |z (OCoLC)1145261463  |z (OCoLC)1153253134  |z (OCoLC)1166565444  |z (OCoLC)1224863521  |z (OCoLC)1231467911  |z (OCoLC)1298260150 
043 |a n-us--- 
050 4 |a E591  |b .M54 
082 0 |a 973.75/0922 
049 |a MAIN 
100 1 |a Milligan, John D.,  |e compiler. 
245 1 0 |a From the fresh-water Navy: 1861-64;  |b the letters of Acting Master's Mate Henry R. Browne and Acting Ensign Symmes E. Browne.  |c Edited by John D. Milligan. 
264 1 |a Annapolis,  |b U.S. Naval Institute  |c [1970] 
264 4 |c ©1970 
300 |a xx, 327 pages  |b illustrations  |c 24 cm. 
336 |a text  |b txt  |2 rdacontent 
337 |a unmediated  |b n  |2 rdamedia 
338 |a volume  |b nc  |2 rdacarrier 
490 1 |a Naval letters series,  |v v. 3 
590 |b TAG Physical Holdings 2 
651 0 |a United States  |x History  |y Civil War, 1861-1865  |v Personal narratives.  |0 http://id.loc.gov/authorities/subjects/sh85140261 
651 0 |a United States  |x History  |y Civil War, 1861-1865  |x Naval operations.  |0 http://id.loc.gov/authorities/subjects/sh85140251 
651 6 |a États-Unis  |x Histoire  |y 1861-1865 (Guerre de Sécession)  |v Récits personnels. 
651 6 |a États-Unis  |x Histoire  |y 1861-1865 (Guerre de Sécession)  |x Opérations navales. 
650 7 |a Military operations, Naval.  |2 fast  |0 (OCoLC)fst01710244 
651 7 |a United States.  |2 fast  |0 (OCoLC)fst01204155  |1 https://id.oclc.org/worldcat/entity/E39PBJtxgQXMWqmjMjjwXRHgrq 
647 7 |a American Civil War  |c (United States :  |d 1861-1865)  |2 fast  |0 (OCoLC)fst01351658  |1 https://id.oclc.org/worldcat/entity/E39Qhp4vB9RxkMwD8h64CPrTGb 
648 7 |a 1861-1865  |2 fast 
655 7 |a History.  |2 fast  |0 (OCoLC)fst01411628 
655 7 |a Personal narratives.  |2 fast  |0 (OCoLC)fst01423843 
655 7 |a Personal narratives.  |2 lcgft  |0 http://id.loc.gov/authorities/genreForms/gf2014026142 
655 7 |a Récits personnels.  |2 rvmgf 
700 1 |a Browne, Henry R.,  |d -1862. 
700 1 |a Browne, Symmes Evans,  |d 1837-1928. 
776 0 8 |i Online version:  |a Milligan, John D.  |t From the fresh-water Navy: 1861-64.  |d Annapolis, U.S. Naval Institute [©1970]  |w (OCoLC)643511991 
830 0 |a Naval letters series ;  |v v. 3. 
994 |a 92  |b TAG 
852 |a TAG  |b TAGC  |c galv,stk  |h E591 .M54  |t c.1 
876 |p 33620000498291  |v unmediated -- volume 
999 f f |s 471fe822-9a23-4da8-b2f8-8c0acb59f00d  |i 2f615cf0-64c9-43a5-ba3c-0ca6f620cfb9  |t 0 
952 f f |p normal  |a Texas A&M University  |b Galveston Campus  |c Jack K. Williams Library  |d Galveston Stacks  |t 0  |e E591 .M54  |h Library of Congress classification  |i unmediated -- volume  |m 33620000498291 
998 f f |a E591 .M54  |t 0  |l Galveston Stacks